00504 2200169 4500245013300000020002200133250001100155100002700166700001300193650001700206005001900223260003500242041001400277084000800291300002600299336000900325 aBerkebun Organik Buah & Sayur b : Lengkap dengan Cara Penanaman, Jenis Pupuk & Pestisida OrganikcDesy Sayyidati RahimahhText a978-979-002-776-3 aCet. 1 aDesy Sayyidati Rahimah aIndriani aIlmu Tanaman a20241014101752 aJakartabPenebar Swadayac2020 aIndonesia a580 aiv, 116 hlm. :cilus. atext